fiume più lungo per ogni stato europeo - Statistics

Statistiche generali
  • Questo quiz è stato fatto 25 volte
  • Il punteggio medio è 11 su 43
Statistiche sulle risposte
Hint Risposta % Corretto
Italia Po
95%
Austria Danubio
68%
Francia Reno
64%
Germania Danubio
59%
Ungheria Danubio
59%
Bulgaria Danubio
55%
Romania Danubio
50%
Spagna Tago
50%
Polonia Vistola
50%
Serbia Danubio
45%
Svizzera Reno
45%
Portogallo Tago
45%
Slovacchia Danubio
41%
Paesi bassi Reno
36%
Croazia Danubio
32%
Russia Lena
32%
Ucraina Danubio
27%
Moldavia Dnestr
27%
Belgio Mosa
27%
Liechtenstein Reno
27%
Slovenia Sava
27%
Regno Unito Severn
27%
Repubblica Ceca Elba
23%
Bielorussia Dnepr
14%
Lussemburgo Mosella
14%
Bosnia-Erzegovina Sava
14%
Albania Drin
9%
Turchia Eufrate
9%
Macedonia del nord Vardar
9%
Grecia Evros
5%
Norvegia Glomma
5%
Finlandia Kemijoki
5%
Lituania Nemunas
5%
Irlanda Shannon
5%
Armenia Aras
0%
San Marino Ausa
0%
Lettonia Daugava
0%
Estonia Gauja
0%
Danimarca Gudena
0%
Andorra La Valira
0%
Montenegro Lim
0%
Islanda Pjorsa
0%
Svezia Torne
0%
Nessun quiz corrispondente trovato
Distribuzione punteggi
Percentuale di utenti per punteggio
Percentile per numero di risposta
I tuoi punteggi nel tempo
Non hai fatto questo quiz